00760cam a22001693u 4500082001800000100003200018245020800050260003100258300001100289500003300300526003700333650001300370856006000383942001200443999001900455952011600474 a954.0357bWIL1 aWilliams, Rushbrook.95044810aIndia in 1921-22 :bA Report Prepared for Presentation to Parliament in Accordance with the Requirements of the 26th Section of the Government of India Act (5 & 6 Geo. V, Chap. 61) /cRushbrook Williams. aINDIAbGOVT OF INDIAc1922 a368P.: aTitle from content provider. a0b0c0d954_035700000000000_WIL aMCE937940uhttp://www.columbia.edu/cgi-bin/cul/resolve?clio8956937 2ddccBK c553181d553181 00102ddc4070aMCEbMCEcArchive Sectiond2015-02-02l0o954.0357 WILpMCE-ECI/47r2015-02-02w2015-02-02yBK